| 000 | 00648nam a22001817a 4500 | ||
|---|---|---|---|
| 003 | UA-OsUOA | ||
| 001 | 15269 | ||
| 007 | ta | ||
| 008 | 20031104b un ||||| |||| 00| 0 ukr d | ||
| 100 | _aМатвіїв А. | ||
| 942 | _cSA | ||
| 040 |
_aUA-OsUOA _cUA-OsUOA _dUA-OsUOA |
||
| 245 |
_aВ інституті мистецтв я розповідатиму про електронну музику _b[Бесіда ж-ста А. Матвіїва з Рівнен. ді-джеєм Ю. Панчуком] |
||
| 300 | _aС.19 | ||
| 955 | _a0 | ||
| 773 | 0 |
_w0 _tРівне вечірнє _dРівне _d2003 _g№68/19 верес./ |
|
| 650 | 7 |
_aДі-джеї _2UDC |
|
| 999 |
_c301434 _d301434 |
||